000 00398nam a22001937a 4500
003 UA-OsUOA
001 1406
007 ta
008 20050721b un ||||| |||| 00| 0 ukr d
100 _aLewinska
700 _aS.
700 _aStarak
700 _aD.
942 _cBK
040 _aUA-OsUOA
_cUA-OsUOA
_dUA-OsUOA
245 _aSlownik Polsko-ukrainski.
_bPolish
955 _a2
650 7 _2UDC
999 _c287568
_d287568